Tous les sites UNESCO des États-Unis sur une carte - Statistiques

Statistiques générales
  • Ce quiz a été pris 185 fois
  • Le résultat moyen est 9 sur 26
Réponses sur la Carte
Les réponses sont colorées sur une échelle allant du rouge au vert en fonction du pourcentage des utilisateurs qui les ont devinées à leur premier essai. Vous pouvez retrouver ces pourcentages ci-dessous.
 
Statistiques - réponses
Réponse % Correct
Statue de la Liberté
81%
Parc national des Everglades
73%
La Fortaleza et le site historique national de San Juan à Porto Rico
72%
Missions de San Antonio
65%
Parc national de Yellowstone
62%
Parc national des volcans d'Hawaï
61%
Monticello et Université de Virginie à Charlottesville
53%
Parc national du Grand Canyon
53%
Papahānaumokuākea
51%
Parc national de Yosemite
43%
Kluane / Wrangell-St. Elias / Glacier Bay / Tatshenshini-Alsek
38%
Les œuvres architecturales du XXe siècle de Frank Lloyd Wright
38%
Independence Hall
33%
Parc national Olympique
25%
Les ouvrages en terre cérémoniels Hopewell
19%
Parc international de la paix Waterton-Glacier
17%
Colonies de l’Église morave
14%
La culture chaco
14%
Parc national de Mesa Verde
14%
Parcs d'État et national Redwood
14%
Parc national des Great Smoky Mountains
13%
Taos Pueblo
11%
Parc national de Mammoth Cave
10%
Site historique d'Etat des Cahokia Mounds
7%
Tertres monumentaux de Poverty Point
7%
Parc national des grottes de Carlsbad
4%
Aucun quiz correspondant
Distribution des résultats
% des personnes avec chaque résultat
Percentile par nombre de réponses
Votre historique - résultats
Vous n’avez pas pris ce quiz